<?xml version="1.0" encoding="UTF-8"?>
<record
    xmlns:xsi="http://www.w3.org/2001/XMLSchema-instance"
    xsi:schemaLocation="http://www.loc.gov/MARC21/slim http://www.loc.gov/standards/marcxml/schema/MARC21slim.xsd"
    xmlns="http://www.loc.gov/MARC21/slim">

  <leader>02969nam a22002895a 4500</leader>
  <controlfield tag="001">13326254</controlfield>
  <controlfield tag="005">20210414114708.0</controlfield>
  <controlfield tag="008">030827s2004    cau           000 0 eng  </controlfield>
  <datafield tag="010" ind1=" " ind2=" ">
    <subfield code="a">  2003111914</subfield>
  </datafield>
  <datafield tag="020" ind1=" " ind2=" ">
    <subfield code="a">9780470128718</subfield>
  </datafield>
  <datafield tag="035" ind1=" " ind2=" ">
    <subfield code="a">(DLC)  2003111914</subfield>
  </datafield>
  <datafield tag="040" ind1=" " ind2=" ">
    <subfield code="a">DLC</subfield>
    <subfield code="c">DLC</subfield>
  </datafield>
  <datafield tag="042" ind1=" " ind2=" ">
    <subfield code="a">pcc</subfield>
  </datafield>
  <datafield tag="050" ind1=" " ind2=" ">
    <subfield code="a">QA76.73.J38.N71</subfield>
  </datafield>
  <datafield tag="100" ind1="1" ind2=" ">
    <subfield code="a">Nino, Jaime</subfield>
  </datafield>
  <datafield tag="245" ind1="1" ind2="0">
    <subfield code="a">An introduction to programming and object-oriented design using Java. /</subfield>
    <subfield code="c">Jaime Nino, Frederick A. Hosch</subfield>
  </datafield>
  <datafield tag="250" ind1=" " ind2=" ">
    <subfield code="a">3rd ed.</subfield>
  </datafield>
  <datafield tag="260" ind1=" " ind2=" ">
    <subfield code="a">New York:</subfield>
    <subfield code="b">Wiley,</subfield>
    <subfield code="c">2008.</subfield>
  </datafield>
  <datafield tag="300" ind1=" " ind2=" ">
    <subfield code="a">xxix, 1009 p. :</subfield>
    <subfield code="c">ill. ;</subfield>
  </datafield>
  <datafield tag="500" ind1=" " ind2=" ">
    <subfield code="a">Includes index.</subfield>
  </datafield>
  <datafield tag="505" ind1=" " ind2=" ">
    <subfield code="a">Contents: Introduction to object-oriented software design -- Data abstraction: introductory concepts -- Defining a simple class -- Designing interacting classes -- Conditions -- Programming by contract -- Testing -- Building a text-based user interface -- The software life cycle: building a complete system --  Specifying clients: interfaces -- Class extension and inheritance -- Modeling with abstraction --  Lists -- Arrays -- Sorting and searching -- Failures and exceptions -- Stream i/o -- Building a graphical user interface -- Integrating user interface and model: the Model-View-Controller pattern --  Recursion -- Generic structures -- Implementing lists: linked implementations -- Iterators -- Supplement a: Systems and software -- Supplement b: Programming errors -- Supplement c: Applets -- Supplement d: Enumerations types: the rest of the story -- Appendix i. Compiling, executing, and documenting -- Appendix ii. Dr Java -- Appendix iii. Controls and basic Latin: the first 128 Unicode characters --</subfield>
  </datafield>
  <datafield tag="520" ind1=" " ind2=" ">
    <subfield code="a">"If you want to yet started in programming and software design, just follow the hundreds of other students who have depended on Nino and Hosch's An Introduction to Programming and Object-Oriented Design Using Java. Assuming no previous programming experience, and only elementary algebra, the newest edition of this popular text teaches you the basic discipline needed to create substantial programming applications that can be understood, maintained, and modified." "Stressing design and the discipline needed for developing complex software systems, the authors take an "objects first" approach to programming and software design. Using Java as the vehicle, they show you how to model problems with sound software engineering principles and concepts. Step by step, with numerous examples and exercises, they provide you with the practice you need to acquire real proficiency in the design and construction of software systems. By the time you are done, you will have developed the fundamental skills and a grasp of system design that will prove as useful in constructing large systems as in building small components."--BOOK JACKET.</subfield>
  </datafield>
  <datafield tag="650" ind1=" " ind2=" ">
    <subfield code="a">Java (Computer program language) </subfield>
  </datafield>
  <datafield tag="650" ind1=" " ind2=" ">
    <subfield code="a">Object-oriented programming (Computer science)</subfield>
  </datafield>
  <datafield tag="700" ind1=" " ind2=" ">
    <subfield code="a">Hosch, Frederick A. </subfield>
  </datafield>
  <datafield tag="942" ind1=" " ind2=" ">
    <subfield code="2">lcc</subfield>
    <subfield code="c">BK</subfield>
  </datafield>
  <datafield tag="999" ind1=" " ind2=" ">
    <subfield code="c">7508</subfield>
    <subfield code="d">15008</subfield>
  </datafield>
  <datafield tag="952" ind1=" " ind2=" ">
    <subfield code="0">0</subfield>
    <subfield code="1">0</subfield>
    <subfield code="2">lcc</subfield>
    <subfield code="4">0</subfield>
    <subfield code="7">0</subfield>
    <subfield code="a">WIUC-KL</subfield>
    <subfield code="b">WIUC-KL</subfield>
    <subfield code="c">GEN</subfield>
    <subfield code="d">2019-11-15</subfield>
    <subfield code="e">STM</subfield>
    <subfield code="o">QA76.73.J38.N71(3e)</subfield>
    <subfield code="p">K/2424/2424/19</subfield>
    <subfield code="r">2020-07-17 00:00:00</subfield>
    <subfield code="w">2020-07-17</subfield>
    <subfield code="y">BK</subfield>
  </datafield>
</record>
